000 00255nam a2200097Ia 4500
001 1251698
005 20251031150920.0
008 251031s9999 xx 000 0 und d
245 0 _cFRANÇOİS CORTEGGİANİ
_aŞ-1 TARİH ÖNCESİ
260 _bBETA YAYINLARI
999 _c1251698
_d1251698